logo

Bir Sreshtho Munshi Abdur Rouf Library
Jhenaidah Cadet College

Reignited : (Record no. 13078)

MARC details
000 -LEADER
fixed length control field 00726nam a2200253 a 4500
001 - CONTROL NUMBER
JCCL Control Number 13078
003 - CONTROL NUMBER IDENTIFIER
JCCL marc code BD-JhCC
005 - DATE AND TIME OF LATEST TRANSACTION
control field 20230624102046.0
008 - FIXED-LENGTH DATA ELEMENTS--GENERAL INFORMATION
fixed length control field 230624s2015 ii |||| |||| 000 0 eng d
020 ## - INTERNATIONAL STANDARD BOOK NUMBER
International Standard Book Number 9780143333548
035 ## - SYSTEM CONTROL NUMBER
system control number (BD-JhCC)13078
040 ## - CATALOGING SOURCE
Original cataloging agency BD-JhCC
Modifying agency BD-JhCC
041 ## - LANGUAGE CODE
Language code of Book eng
082 ## - DEWEY DECIMAL CLASSIFICATION NUMBER
Classification number 502.3
Author mark and Year ABD 2015
100 ## - MAIN ENTRY--PERSONAL NAME
Personal name Abdul Kalam, A.P.J.
245 ## - TITLE STATEMENT
Title Reignited :
Remainder of title scientific pathways to a brighter future /
Statement of responsibility, etc A.P.J. Abdul Kalam and Srijan Pal Sing
260 ## - PUBLICATION, DISTRIBUTION, ETC. (IMPRINT)
Place of publication, distribution, etc India :
Name of publisher, distributor, etc Puffine Books,
Date of publication, distribution, etc 2015
300 ## - PHYSICAL DESCRIPTION
Pagination 275 p. :
Dimensions 22 cm.
650 ## - SUBJECT ADDED ENTRY--TOPICAL TERM
Topical term or geographic name as entry element Science--Vocational guidance
650 ## - SUBJECT ADDED ENTRY--TOPICAL TERM
Topical term or geographic name as entry element Research--Vocational guidance
650 ## - SUBJECT ADDED ENTRY--TOPICAL TERM
Topical term or geographic name as entry element Scientists
700 ## - ADDED ENTRY--PERSONAL NAME
Personal name Sing, Srijan Pal
942 ## - ADDED ENTRY ELEMENTS (KOHA)
Source of classification or shelving scheme Dewey Decimal Classification
Koha item type Books
Holdings
Source of classification or shelving scheme Damaged status Not for loan Home library Current library Shelving location Date of accession Cost, normal purchase price Total Checkouts Full call number Barcode Date last seen Copy number Method of acquisition Koha item type Currency
Dewey Decimal Classification     JCC Rouf Library JCC Rouf Library General Stacks 06/24/2023 358.00   502.3 ABD 2015 18487 06/24/2023 C-1 Purchase Books BDT

JCC Library | Contacts | JCC Home

Last Update on 23 September 2017
Copyright @ 2017-2020 JCC Rouf Library
Rouf Library, Jhenidah Cadet College (JCC), Bangladesh